000 00634nam a22001937a 4500
005 20180523151826.0
010 _aENG-123083
020 _a9789386338335
_c495.00
035 _aEN-106615
037 _bDBAD/PUB
082 _a881.914
100 _aNerlekar, Anjali
245 _aBombay Modern :
_cby Anjali Nerlekar
_bArun kolatkar and bilingual literary culture /
260 _aNew Delhi
_bSpeaking Tiger Publishing
_c2017
270 _a4381/4, Ansari Road, Daryaganj,
_bNew Delhi
_e110002
300 _a292p.
_c22cm.(pbk)
500 _aIt include notes bibliography and index
942 _2ddc
_cEN
_h881.914
_mNER
999 _c152228
_d152228